| 000 | 00000nam 2200000zi 4500 |
| 001 | 9.922027 |
| 003 | CaOODSP |
| 005 | 20230427150422 |
| 006 | m o d f |
| 007 | cr bn||||||||| |
| 008 | 230427t19771977onca ob f000 0 eng d |
| 020 | |a0662005406 |q(print) |
| 040 | |aCaOODSP|beng|erda|cCaOODSP |
| 041 | 0 |aeng|beng|bfre |
| 086 | 1 |aEn42-1/4-77-1E-PDF |
| 086 | 1 |aEn43-4/77-1 |
| 100 | 1 |aGuo, P. H. M., |eauthor. |
| 245 | 10|aActivated sludge treatment of a high strength NSSC mill effluent / |cby P.H.M. Guo, W.K. Bedford and B.E. Jank. |
| 264 | 1|a[Burlington, Ont.] : |bWastewater Technology Centre, Environmental Protection Service, Fisheries and Environment Canada, |c1977. |
| 264 | 4|c©1977 |
| 300 | |a1 online resource (viii, 76 pages) : |billustrations. |
| 336 | |atext|btxt|2rdacontent |
| 337 | |acomputer|bc|2rdamedia |
| 338 | |aonline resource|bcr|2rdacarrier |
| 490 | 1 |aEnvironmental Protection Service report series |
| 500 | |a"Report no. EPS 4-WP-77-1." |
| 500 | |a"March 1977." |
| 500 | |aOn cover: Technology development, report EPS 4-WP-77-1. |
| 500 | |aDigitized edition from print [produced by Environment and Climate Change Canada]. |
| 504 | |aIncludes bibliographical references (pages 43-44). |
| 546 | |aIncludes abstracts in English and French. |
| 650 | 0|aSulfite waste liquor|xPurification. |
| 650 | 0|aSewage|xPurification|xActivated sludge process. |
| 650 | 0|aSulfite pulping process|xEnvironmental aspects. |
| 650 | 6|aLessive de sulfite|xPurification. |
| 650 | 6|aEaux usées|xÉpuration|xProcédé des boues activées. |
| 650 | 6|aPâte à papier|xProcédé au sulfite|xAspect de l'environnement. |
| 710 | 1 |aCanada. |bEnvironmental Protection Service, |eissuing body. |
| 710 | 2 |aWastewater Technology Centre (Canada), |eissuing body. |
| 710 | 1 |aCanada. |bWater Pollution Control Directorate, |eissuing body. |
| 830 | #0|aEnvironmental Protection Service report series.|w(CaOODSP)9.866031 |
| 856 | 40|qPDF|s12.38 MB|uhttps://publications.gc.ca/collections/collection_2023/eccc/en42/En42-1-4-77-1-eng.pdf |